|
|
|
|
| LEADER |
01016nam a22002177a 4500 |
| 001 |
40152 |
| 003 |
BD-DhAAL |
| 008 |
221207t2001 ii ||||| |||| 00| 0 ben d |
| 999 |
|
|
|c 45125
|d 45125
|
| 040 |
|
|
|a BD-DhAAL
|c BD-DhAAL
|
| 041 |
|
|
|a ben
|
| 082 |
|
|
|a 891.44371
|2 23
|
| 100 |
|
|
|a ভাদুড়ী, সতীনাথ
|9 52750
|
| 245 |
|
|
|a জাগরী :
|n প্রথম বর্ষ, রবীন্দ্র-পুরস্কার প্রাপ্ত ১৯৫০ /
|c সতীনাথ ভাদুড়ী.
|
| 260 |
|
|
|a কলিকাতা :
|b প্রকাশ ভবন,
|c ২০০১.
|
| 300 |
|
|
|a ১৬৪ পৃষ্ঠা ;
|c ২২ সে.মি.
|
| 541 |
|
|
|a Donated By Akbar Ali Khan
|e 40152
|
| 650 |
|
|
|a Bengali fiction.
|9 52751
|
| 852 |
|
|
|a Ayesha Abed Library
|c Akbar Ali Khan Collection
|
| 942 |
|
|
|2 ddc
|c BK
|
| 952 |
|
|
|0 0
|1 0
|2 ddc
|4 0
|6 891_443710000000000_BHA
|7 1
|9 72450
|a BRACUL
|b BRACUL
|c CS1
|d 2022-12-07
|e Donated by Akbar Ali Khan
|g 40.00
|l 0
|o 891.44371 BHA
|p 3010040152
|r 2022-12-07
|t 1
|w 2022-12-07
|y BK
|